00763naa#a2200193#i#4500001001600000005001700016011001400033100004100047102000700088200013400095210010100229215001000330608002700340675008500367700003500452700003200487700003300519856001700552EN\\bibl\12378120260630082713.2##a2413-2527##a20260624b2026####ek#y0engy0150####ca##aRU1#aAdvantages of Using Django Template Engines for Business: The Balance Between Efficiency and Cost of DevelopmenteJournal article1#aSaint-PetersburgcFSBEI HE "Emperor Alexander I St. Petersburg State Transport University"d2026##a9 с.##aJournal article2local##aИнтернет. 004.738.5aЯзыки программирования. 004.43#1aZabrodingAndrey Vladimirovich#1aMikheevgAndrey Dmitrievich#1aGraurgMaksim Aleksandrovich4#aatjournal.ru